[Event "Bundesliga 9596"]
[Site "Deutschland"]
[Date "1995.??.??"]
[Round "?.8"]
[White "Sievers, Stefan"]
[Black "Ellers, Holger"]
[Result "1-0"]
[WhiteElo "2375"]
[BlackElo "2360"]
[PlyCount "35"]
[EventDate "1995.10.??"]
[EventType "team"]
[EventRounds "15"]
[EventCountry "GER"]
[SourceTitle "Bundesliga 9596"]
[Source "DeepChess"]
[SourceDate "2005.01.01"]
[SourceVersion "1"]
[SourceVersionDate "2005.01.01"]
[SourceQuality "1"]
[WhiteTeam "Hamburger SK 1830 e.V."]
[BlackTeam "SG Bochum 31"]
[WhiteTeamCountry "GER"]
[BlackTeamCountry "GER"]

1. e4 e6 2. d4 d5 3. Nc3 Nf6 4. Bg5 dxe4 5. Nxe4 Be7 6. Bxf6 gxf6 7. Nf3 Nd7 8.
Qd2 c5 9. O-O-O f5 10. Ng3 Nf6 11. Ne5 a6 12. Qh6 Qc7 13. Bc4 b5 14. Nxf5 exf5
15. Bxf7+ Kd8 16. dxc5+ Bd7 17. Nxd7 Nxd7 18. c6 1-0

[Event "Bundesliga 9596"]
[Site "Deutschland"]
[Date "1996.??.??"]
[Round "?.1"]
[White "Wahls, Matthias"]
[Black "Lutz, Christopher"]
[Result "1/2-1/2"]
[WhiteElo "2555"]
[BlackElo "2555"]
[PlyCount "35"]
[EventDate "1995.10.??"]
[EventType "team"]
[EventRounds "15"]
[EventCountry "GER"]
[SourceTitle "Bundesliga 9596"]
[Source "DeepChess"]
[SourceDate "2005.01.01"]
[SourceVersion "1"]
[SourceVersionDate "2005.01.01"]
[SourceQuality "1"]
[WhiteTeam "Hamburger SK 1830 e.V."]
[BlackTeam "SG Porz e.V."]
[WhiteTeamCountry "GER"]
[BlackTeamCountry "GER"]

1. e4 c5 2. Nf3 d6 3. d4 cxd4 4. Nxd4 Nf6 5. Nc3 a6 6. f4 e5 7. Nf3 Nbd7 8. a4
Be7 9. Bd3 O-O 10. O-O exf4 11. Bxf4 Ne5 12. Kh1 Nfg4 13. Nd5 Nxf3 14. Qxf3 Bg5
15. a5 Bxf4 16. Qxf4 Ne5 17. Nb6 Rb8 18. Bc4 1/2-1/2

[Event "Bundesliga 9596"]
[Site "Deutschland"]
[Date "1996.??.??"]
[Round "?.3"]
[White "Movsziszian, Karen"]
[Black "Christiansen, Larry Mark"]
[Result "1/2-1/2"]
[WhiteElo "2450"]
[BlackElo "2580"]
[PlyCount "78"]
[EventDate "1995.10.??"]
[EventType "team"]
[EventRounds "15"]
[EventCountry "GER"]
[SourceTitle "Bundesliga 9596"]
[Source "DeepChess"]
[SourceDate "2005.01.01"]
[SourceVersion "1"]
[SourceVersionDate "2005.01.01"]
[SourceQuality "1"]
[WhiteTeam "Hamburger SK 1830 e.V."]
[BlackTeam "SG Porz e.V."]
[WhiteTeamCountry "GER"]
[BlackTeamCountry "GER"]

1. d4 Nf6 2. c4 e6 3. Nf3 Bb4+ 4. Bd2 a5 5. g3 d6 6. Bg2 Nbd7 7. O-O e5 8. Bxb4
axb4 9. Qb3 exd4 10. Nxd4 O-O 11. Nb5 c6 12. Nd4 Qb6 13. Nf5 Nc5 14. Ne7+ Kh8
15. Nxc8 Rfxc8 16. Qd1 Re8 17. Nd2 Na4 18. Rb1 Nc5 19. Ra1 Ra5 20. Nb3 Nxb3 21.
axb3 Rxa1 22. Qxa1 Qc5 23. e3 h5 24. Rd1 Qe5 25. Rd2 g6 26. Qa7 Qe7 27. Qa5 Kg7
28. Qxb4 Ra8 29. Qxd6 Ra1+ 30. Bf1 Qxd6 31. Rxd6 Rb1 32. Rd2 Ne4 33. Rd4 Ng5
34. Rd7 Rxb2 35. Rxb7 Nf3+ 36. Kg2 Ne1+ 37. Kg1 Nf3+ 38. Kg2 Ne1+ 39. Kg1 Nf3+
1/2-1/2

[Event "Bundesliga 9596"]
[Site "Deutschland"]
[Date "1996.??.??"]
[Round "?.6"]
[White "Hickl, Joerg"]
[Black "Loeffler, Stefan"]
[Result "1-0"]
[WhiteElo "2580"]
[BlackElo "2415"]
[PlyCount "147"]
[EventDate "1995.10.??"]
[EventType "team"]
[EventRounds "15"]
[EventCountry "GER"]
[SourceTitle "Bundesliga 9596"]
[Source "DeepChess"]
[SourceDate "2005.01.01"]
[SourceVersion "1"]
[SourceVersionDate "2005.01.01"]
[SourceQuality "1"]
[WhiteTeam "SG Porz e.V."]
[BlackTeam "Hamburger SK 1830 e.V."]
[WhiteTeamCountry "GER"]
[BlackTeamCountry "GER"]

1. g3 d5 2. Bg2 c5 3. c4 d4 4. Nf3 Nc6 5. O-O e5 6. d3 Bd6 7. Na3 Nge7 8. Nc2
O-O 9. a3 a5 10. b3 h6 11. Bd2 f5 12. Rb1 Ng6 13. b4 e4 14. Nfe1 Qe7 15. e3
axb4 16. axb4 dxe3 17. Nxe3 Nxb4 18. Bxb4 cxb4 19. Nd5 Qd8 20. dxe4 f4 21. Nd3
Ra3 22. Re1 Qg5 23. Rb3 Bg4 24. Qc2 fxg3 25. hxg3 Bf3 26. Rxa3 bxa3 27. Re3 Nh4
28. Bxf3 Nxf3+ 29. Kg2 Qh5 30. N5f4 Nd4 31. Qa2 Bxf4 32. Nxf4 Qc5 33. Qxa3 Qxc4
34. Rc3 Qf7 35. Qb2 Re8 36. Re3 Ne6 37. Nh3 Rd8 38. Rf3 Qd7 39. Rf5 Qc6 40. Re5
Kh7 41. Qe2 Rd4 42. Qg4 Rd6 43. Qf5+ Kg8 44. Rd5 Rd7 45. Qe5 Nc7 46. Rxd7 Qxd7
47. Nf4 b6 48. Qc3 Qe7 49. Qc4+ Qf7 50. Qc6 Qe7 51. Nd3 b5 52. Kg1 Kh7 53. e5
Qa3 54. Qe4+ Kg8 55. Qd4 Qa8 56. Qd6 Qd5 57. Nc5 Qf7 58. e6 Nxe6 59. Nxe6 b4
60. Qd5 g6 61. Qc4 Kh8 62. Qd4+ Kh7 63. Nc5 b3 64. Qb4 Qe7 65. Qb5 h5 66. Nxb3
h4 67. gxh4 Qxh4 68. Qb7+ Kg8 69. Qd5+ Kf8 70. Nc5 Qg4+ 71. Kf1 Qh3+ 72. Ke2
Ke7 73. Qe4+ Kd6 74. Qd3+ 1-0

[Event "Bundesliga 9596"]
[Site "Deutschland"]
[Date "1996.??.??"]
[Round "?.7"]
[White "Wegner, Hannu"]
[Black "Vogt, Lothar"]
[Result "0-1"]
[WhiteElo "2355"]
[BlackElo "2490"]
[PlyCount "118"]
[EventDate "1995.10.??"]
[EventType "team"]
[EventRounds "15"]
[EventCountry "GER"]
[SourceTitle "Bundesliga 9596"]
[Source "DeepChess"]
[SourceDate "2005.01.01"]
[SourceVersion "1"]
[SourceVersionDate "2005.01.01"]
[SourceQuality "1"]
[WhiteTeam "Hamburger SK 1830 e.V."]
[BlackTeam "SG Porz e.V."]
[WhiteTeamCountry "GER"]
[BlackTeamCountry "GER"]

1. d4 Nf6 2. c4 d6 3. Nc3 Nbd7 4. e4 e5 5. Nf3 g6 6. Be2 Bg7 7. O-O O-O 8. Re1
c6 9. Bf1 exd4 10. Nxd4 Re8 11. Bf4 Nc5 12. Qc2 Ng4 13. Nb3 Ne6 14. Bg3 Be5 15.
Rad1 Qg5 16. Bxe5 dxe5 17. Qd2 Qh5 18. h3 Nf6 19. Qe3 Nf4 20. Rd6 Be6 21. Nc5
b6 22. Nxe6 Rxe6 23. Rd2 g5 24. Ne2 Nxe2+ 25. Bxe2 Qh4 26. g3 Qxe4 27. Qxg5+
Kh8 28. Rdd1 Rg8 29. Qd2 Qf5 30. Bf1 Ne4 31. Qe3 Ng5 32. Bg2 Nxh3+ 33. Bxh3
Qxh3 34. Rd6 f6 35. c5 Rxd6 36. cxd6 Qe6 37. Qa3 a5 38. Rd1 Rd8 39. d7 c5 40.
Qa4 e4 41. Qb3 Qxb3 42. axb3 Kg7 43. Rd6 Kg6 44. Kg2 b5 45. Rd5 b4 46. Kf1 f5
47. Ke2 Kf6 48. Ke3 Ke6 49. Rxc5 Rxd7 50. Kf4 Rd5 51. Rxd5 Kxd5 52. Kxf5 Kd4
53. g4 e3 54. fxe3+ Kxe3 55. Kg5 Kf2 56. Kh4 h6 57. Kh3 Kf3 58. Kh4 Kg2 59. Kh5
Kg3 0-1

[Event "Bundesliga 9596"]
[Site "Deutschland"]
[Date "1996.??.??"]
[Round "?.8"]
[White "Brunner, Lucas"]
[Black "Sievers, Stefan"]
[Result "1-0"]
[WhiteElo "2510"]
[BlackElo "2375"]
[PlyCount "137"]
[EventDate "1995.10.??"]
[EventType "team"]
[EventRounds "15"]
[EventCountry "GER"]
[SourceTitle "Bundesliga 9596"]
[Source "DeepChess"]
[SourceDate "2005.01.01"]
[SourceVersion "1"]
[SourceVersionDate "2005.01.01"]
[SourceQuality "1"]
[WhiteTeam "SG Porz e.V."]
[BlackTeam "Hamburger SK 1830 e.V."]
[WhiteTeamCountry "GER"]
[BlackTeamCountry "GER"]

1. Nf3 c5 2. c4 g6 3. d4 cxd4 4. Nxd4 Bg7 5. e4 Nc6 6. Be3 Nf6 7. Nc3 Ng4 8.
Qxg4 Nxd4 9. Qd1 e5 10. Bd3 O-O 11. O-O d6 12. Ne2 Nc6 13. Rc1 Be6 14. Bb1 Qe7
15. Qd2 Rfd8 16. Rfd1 b6 17. Bd3 h5 18. Nc3 Nd4 19. Bf1 Rac8 20. Bxd4 exd4 21.
Nb5 Bd7 22. Nxa7 Ra8 23. Nb5 Qxe4 24. b3 Bxb5 25. cxb5 Rdc8 26. g3 Qb7 27. Bg2
d5 28. Rc6 Rxc6 29. Bxd5 Rc2 30. Bxb7 Rxd2 31. Rxd2 Re8 32. Bd5 Re1+ 33. Kg2
Rc1 34. Bc4 Kf8 35. Kf3 f5 36. h4 Rc3+ 37. Kg2 Bf6 38. Re2 f4 39. gxf4 Bxh4 40.
a4 Bd8 41. Re6 d3 42. Kf3 g5 43. a5 bxa5 44. b6 a4 45. b7 Bc7 46. Rc6 d2+ 47.
Ke2 Rc1 48. Kxd2 Bxf4+ 49. Kd3 Kg7 50. bxa4 Rb1 51. Bb5 h4 52. Rc5 Kg6 53. Rc8
h3 54. b8=Q Bxb8 55. Rxb8 Rd1+ 56. Kc2 h2 57. Bc6 h1=Q 58. Bxh1 Rxh1 59. Rb2
Rh4 60. Kb3 Kf5 61. a5 Kf4 62. a6 Kf3 63. Ra2 g4 64. a7 Rh8 65. Kc4 Ra8 66. Kd4
Rd8+ 67. Kc5 Ra8 68. Kb6 Rh8 69. Rc2 1-0

[Event "Bundesliga 9596"]
[Site "Deutschland"]
[Date "1995.??.??"]
[Round "?.2"]
[White "Smejkal, Jan"]
[Black "Ftacnik, Lubomir"]
[Result "1/2-1/2"]
[WhiteElo "2520"]
[BlackElo "2580"]
[PlyCount "32"]
[EventDate "1995.10.??"]
[EventType "team"]
[EventRounds "15"]
[EventCountry "GER"]
[SourceTitle "Bundesliga 9596"]
[Source "DeepChess"]
[SourceDate "2005.01.01"]
[SourceVersion "1"]
[SourceVersionDate "2005.01.01"]
[SourceQuality "1"]
[WhiteTeam "SK Passau 1869"]
[BlackTeam "Hamburger SK 1830 e.V."]
[WhiteTeamCountry "GER"]
[BlackTeamCountry "GER"]

1. Nf3 Nf6 2. c4 c5 3. Nc3 e6 4. g3 b6 5. Bg2 Bb7 6. O-O Be7 7. b3 O-O 8. Bb2
d6 9. d3 Nbd7 10. e4 a6 11. Qe2 Qc7 12. d4 cxd4 13. Nxd4 Rfe8 14. Rfe1 Bf8 15.
Rad1 Rad8 16. Qd2 Qb8 1/2-1/2

[Event "Bundesliga 9596"]
[Site "Deutschland"]
[Date "1995.??.??"]
[Round "?.3"]
[White "Movsziszian, Karen"]
[Black "Schlosser, Philipp"]
[Result "1-0"]
[WhiteElo "2440"]
[BlackElo "2500"]
[PlyCount "87"]
[EventDate "1995.10.??"]
[EventType "team"]
[EventRounds "15"]
[EventCountry "GER"]
[SourceTitle "Bundesliga 9596"]
[Source "DeepChess"]
[SourceDate "2005.01.01"]
[SourceVersion "1"]
[SourceVersionDate "2005.01.01"]
[SourceQuality "1"]
[WhiteTeam "Hamburger SK 1830 e.V."]
[BlackTeam "SK Passau 1869"]
[WhiteTeamCountry "GER"]
[BlackTeamCountry "GER"]

1. Nf3 c5 2. g3 Nc6 3. Bg2 e5 4. d3 d5 5. O-O Nf6 6. e4 Be7 7. Nc3 d4 8. Ne2 h5
9. c4 Nh7 10. h4 Nf8 11. Nh2 Ng6 12. Kh1 Be6 13. a3 Qd7 14. b4 cxb4 15. axb4
Bxb4 16. Ba3 a5 17. Bxb4 Nxb4 18. Qd2 Ra6 19. f4 exf4 20. Nxf4 Nxf4 21. gxf4
Bg4 22. f5 Nc6 23. f6 gxf6 24. Rxf6 Rg8 25. Raf1 Ne5 26. Rxa6 bxa6 27. Qxa5 Qd6
28. c5 Qb8 29. Qa4+ Ke7 30. Qxa6 Be6 31. Nf3 Nxf3 32. Rxf3 Rg4 33. c6 Qd8 34.
Bh3 Rxh4 35. Qb7+ Kd6 36. e5+ Kxe5 37. c7 Qc8 38. Qxc8 Bxc8 39. Kg2 f5 40. Bxf5
Bb7 41. c8=Q Bxc8 42. Bxc8 Rf4 43. Rxf4 Kxf4 44. Kh3 1-0

[Event "Bundesliga 9596"]
[Site "Deutschland"]
[Date "1995.??.??"]
[Round "?.4"]
[White "Pichler, Juergen"]
[Black "Mueller, Karsten"]
[Result "1/2-1/2"]
[WhiteElo "2420"]
[BlackElo "2480"]
[PlyCount "21"]
[EventDate "1995.10.??"]
[EventType "team"]
[EventRounds "15"]
[EventCountry "GER"]
[SourceTitle "Bundesliga 9596"]
[Source "DeepChess"]
[SourceDate "2005.01.01"]
[SourceVersion "1"]
[SourceVersionDate "2005.01.01"]
[SourceQuality "1"]
[WhiteTeam "SK Passau 1869"]
[BlackTeam "Hamburger SK 1830 e.V."]
[WhiteTeamCountry "GER"]
[BlackTeamCountry "GER"]

1. e4 d5 2. exd5 Qxd5 3. Nc3 Qa5 4. Bc4 Nf6 5. d4 c6 6. Nf3 Bf5 7. O-O e6 8.
Qe2 Bg4 9. h3 Bxf3 10. Qxf3 Nbd7 11. Bb3 1/2-1/2

[Event "Bundesliga 9596"]
[Site "Deutschland"]
[Date "1995.??.??"]
[Round "?.5"]
[White "Michaelsen, Nils"]
[Black "Baumhus, Reinhard"]
[Result "1-0"]
[WhiteElo "2425"]
[BlackElo "2360"]
[PlyCount "79"]
[EventDate "1995.10.??"]
[EventType "team"]
[EventRounds "15"]
[EventCountry "GER"]
[SourceTitle "Bundesliga 9596"]
[Source "DeepChess"]
[SourceDate "2005.01.01"]
[SourceVersion "1"]
[SourceVersionDate "2005.01.01"]
[SourceQuality "1"]
[WhiteTeam "Hamburger SK 1830 e.V."]
[BlackTeam "SK Passau 1869"]
[WhiteTeamCountry "GER"]
[BlackTeamCountry "GER"]

1. d4 d5 2. c4 Nc6 3. Nc3 dxc4 4. d5 Ne5 5. Bf4 Ng6 6. Bg3 e5 7. e4 a6 8. Bxc4
Bd6 9. Qa4+ Bd7 10. Qb3 b5 11. Bd3 Nf6 12. Nf3 O-O 13. O-O Nh5 14. Rfe1 Qf6 15.
Nd1 Nhf4 16. Bf1 Bg4 17. Nd2 h5 18. Ne3 Bd7 19. h3 h4 20. Bh2 Bc5 21. Qc2 Bb6
22. Nb3 Qg5 23. Kh1 Rad8 24. Nc5 Bc8 25. b4 Nh5 26. Be2 Ngf4 27. Bg4 Bxg4 28.
Nxg4 Nf6 29. Nxf6+ Qxf6 30. Bxf4 exf4 31. e5 Qg5 32. Rad1 Rfe8 33. Qe4 Re7 34.
Re2 Rde8 35. Nd3 f6 36. e6 c6 37. Nxf4 cxd5 38. Rxd5 Qh6 39. Rh5 Rxe6 40. Qd5
1-0

[Event "Bundesliga 9596"]
[Site "Deutschland"]
[Date "1995.??.??"]
[Round "?.6"]
[White "Goetz, Ralph"]
[Black "Maus, Soenke"]
[Result "1-0"]
[WhiteElo "2335"]
[BlackElo "2425"]
[PlyCount "81"]
[EventDate "1995.10.??"]
[EventType "team"]
[EventRounds "15"]
[EventCountry "GER"]
[SourceTitle "Bundesliga 9596"]
[Source "DeepChess"]
[SourceDate "2005.01.01"]
[SourceVersion "1"]
[SourceVersionDate "2005.01.01"]
[SourceQuality "1"]
[WhiteTeam "SK Passau 1869"]
[BlackTeam "Hamburger SK 1830 e.V."]
[WhiteTeamCountry "GER"]
[BlackTeamCountry "GER"]

1. e4 c5 2. Nf3 e6 3. d4 cxd4 4. Nxd4 Nf6 5. Nc3 d6 6. g3 Nc6 7. Bg2 Bd7 8.
Nde2 Be7 9. O-O O-O 10. h3 Rc8 11. g4 h6 12. f4 b5 13. a3 Qb6+ 14. Kh1 Rfd8 15.
Ng3 Nh7 16. Qe2 Bh4 17. Be3 Qb8 18. Bf2 b4 19. axb4 Qxb4 20. Ra2 Nd4 21. Qd3
Nb5 22. Nce2 d5 23. exd5 exd5 24. c3 Qe7 25. Ra5 Rb8 26. Re1 Qd6 27. Rd1 Qc7
28. Raa1 Nf6 29. Bg1 a5 30. Nf5 Bxf5 31. Qxf5 Nd6 32. Qc2 Nde4 33. Rf1 Re8 34.
Rf3 Qc4 35. Nd4 Ng3+ 36. Kh2 Ne2 37. Nf5 Nxf4 38. Bf1 Qc7 39. Kh1 Ne4 40. Nxh4
Ng6 41. Nxg6 1-0

[Event "Bundesliga 9596"]
[Site "Deutschland"]
[Date "1995.??.??"]
[Round "?.7"]
[White "Wegner, Hannu"]
[Black "Schlingensiepen, Christian"]
[Result "1-0"]
[WhiteElo "2355"]
[BlackElo "2295"]
[PlyCount "87"]
[EventDate "1995.10.??"]
[EventType "team"]
[EventRounds "15"]
[EventCountry "GER"]
[SourceTitle "Bundesliga 9596"]
[Source "DeepChess"]
[SourceDate "2005.01.01"]
[SourceVersion "1"]
[SourceVersionDate "2005.01.01"]
[SourceQuality "1"]
[WhiteTeam "Hamburger SK 1830 e.V."]
[BlackTeam "SK Passau 1869"]
[WhiteTeamCountry "GER"]
[BlackTeamCountry "GER"]

1. d4 Nf6 2. c4 e6 3. Nf3 Bb4+ 4. Bd2 Qe7 5. g3 Nc6 6. Nc3 Bxc3 7. Bxc3 Ne4 8.
Rc1 O-O 9. Bg2 Nxc3 10. Rxc3 d6 11. d5 Nb8 12. dxe6 fxe6 13. Nd4 e5 14. Nc2 Nd7
15. Ne3 c6 16. b4 Nf6 17. b5 e4 18. bxc6 bxc6 19. O-O Qe5 20. Qd2 Be6 21. Rd1
Rad8 22. Qd4 Qa5 23. Rc2 c5 24. Qc3 Qxc3 25. Rxc3 Rd7 26. Rb3 Kf7 27. f3 exf3
28. exf3 g5 29. Bf1 Rfd8 30. Rb5 Ke7 31. Re1 Kf7 32. Bd3 Rc7 33. Rc1 d5 34.
cxd5 Nxd5 35. Nxd5 Rxd5 36. Bxh7 Bh3 37. g4 Kf6 38. Be4 Rd2 39. Rc2 Rxc2 40.
Bxc2 Ke5 41. Kf2 a6 42. Rb1 Rd7 43. Re1+ Kf6 44. Kg3 1-0

[Event "Bundesliga 9596"]
[Site "Deutschland"]
[Date "1995.??.??"]
[Round "?.8"]
[White "Linhart, Wolfgang"]
[Black "Sievers, Stefan"]
[Result "1/2-1/2"]
[WhiteElo "2165"]
[BlackElo "2375"]
[PlyCount "95"]
[EventDate "1995.10.??"]
[EventType "team"]
[EventRounds "15"]
[EventCountry "GER"]
[SourceTitle "Bundesliga 9596"]
[Source "DeepChess"]
[SourceDate "2005.01.01"]
[SourceVersion "1"]
[SourceVersionDate "2005.01.01"]
[SourceQuality "1"]
[WhiteTeam "SK Passau 1869"]
[BlackTeam "Hamburger SK 1830 e.V."]
[WhiteTeamCountry "GER"]
[BlackTeamCountry "GER"]

1. d4 Nf6 2. Nf3 c5 3. c3 e6 4. g3 d5 5. Bg2 Nbd7 6. O-O Bd6 7. Nbd2 O-O 8. c4
a6 9. Qc2 b6 10. e4 dxe4 11. Nxe4 Nxe4 12. Qxe4 Ra7 13. Bg5 Qc7 14. Rad1 h6 15.
Bc1 Bb7 16. Qh4 Rd8 17. dxc5 Nxc5 18. Bxh6 gxh6 19. Qxh6 Be4 20. b4 Nb7 21. Rd4
Bg6 22. Rh4 Be5 23. Nxe5 Qxe5 24. Rg4 Nd6 25. h4 Nf5 26. Qg5 Rd4 27. Rxd4 Qxd4
28. h5 f6 29. Qxg6+ Rg7 30. Qe8+ Kh7 31. Kh2 Qe5 32. Qc6 Rc7 33. Qa8 Rxc4 34.
Rd1 Ng7 35. Rd8 Qxh5+ 36. Bh3 Qe2 37. Rh8+ Kg6 38. Kg2 Rc2 39. Qf3 Qxf3+ 40.
Kxf3 Rxa2 41. Rb8 b5 42. Rb6 Nf5 43. Bf1 Nd4+ 44. Ke4 Nc2 45. Rxe6 Nxb4 46. f4
Rf2 47. Bh3 a5 48. Rb6 1/2-1/2

[Event "Bundesliga 9596"]
[Site "Deutschland"]
[Date "1995.??.??"]
[Round "?.1"]
[White "Wahls, Matthias"]
[Black "Rozentalis, Eduardas"]
[Result "1/2-1/2"]
[WhiteElo "2550"]
[BlackElo "2610"]
[PlyCount "39"]
[EventDate "1995.10.??"]
[EventType "team"]
[EventRounds "15"]
[EventCountry "GER"]
[SourceTitle "Bundesliga 9596"]
[Source "DeepChess"]
[SourceDate "2005.01.01"]
[SourceVersion "1"]
[SourceVersionDate "2005.01.01"]
[SourceQuality "1"]
[WhiteTeam "Hamburger SK 1830 e.V."]
[BlackTeam "SK Zaehringen 1921"]
[WhiteTeamCountry "GER"]
[BlackTeamCountry "GER"]

1. e4 e5 2. Nf3 Nf6 3. Nxe5 d6 4. Nf3 Nxe4 5. d4 d5 6. Bd3 Be7 7. O-O Nc6 8. c4
Nf6 9. Nc3 O-O 10. cxd5 Nxd5 11. Re1 Bf6 12. a3 Be6 13. Qc2 h6 14. Be3 Re8 15.
h3 Nce7 16. Rad1 c6 17. Bc1 Nxc3 18. bxc3 Qa5 19. Ne5 c5 20. Be4 1/2-1/2

[Event "Bundesliga 9596"]
[Site "Deutschland"]
[Date "1995.??.??"]
[Round "?.2"]
[White "Brendel, Oliver"]
[Black "Ftacnik, Lubomir"]
[Result "1-0"]
[WhiteElo "2385"]
[BlackElo "2580"]
[PlyCount "51"]
[EventDate "1995.10.??"]
[EventType "team"]
[EventRounds "15"]
[EventCountry "GER"]
[SourceTitle "Bundesliga 9596"]
[Source "DeepChess"]
[SourceDate "2005.01.01"]
[SourceVersion "1"]
[SourceVersionDate "2005.01.01"]
[SourceQuality "1"]
[WhiteTeam "SK Zaehringen 1921"]
[BlackTeam "Hamburger SK 1830 e.V."]
[WhiteTeamCountry "GER"]
[BlackTeamCountry "GER"]

1. e4 c5 2. Nf3 d6 3. d4 cxd4 4. Nxd4 Nf6 5. Nc3 a6 6. Be3 e6 7. f3 b5 8. g4 h6
9. Qd2 Nbd7 10. O-O-O Bb7 11. Bd3 Ne5 12. Rhe1 b4 13. Nce2 d5 14. exd5 Nxd5 15.
Nf4 Qa5 16. Nb3 Qxa2 17. Be4 O-O-O 18. Qd4 Be7 19. Bxd5 Bxd5 20. Nxd5 Rxd5 21.
Qa7 Bf6 22. Rxd5 exd5 23. Qc5+ Kb8 24. Bf4 Rc8 25. Bxe5+ Bxe5 26. Qxb4+ 1-0

[Event "Bundesliga 9596"]
[Site "Deutschland"]
[Date "1995.??.??"]
[Round "?.3"]
[White "Movsziszian, Karen"]
[Black "Schmaltz, Roland"]
[Result "1/2-1/2"]
[WhiteElo "2440"]
[BlackElo "2450"]
[PlyCount "143"]
[EventDate "1995.10.??"]
[EventType "team"]
[EventRounds "15"]
[EventCountry "GER"]
[SourceTitle "Bundesliga 9596"]
[Source "DeepChess"]
[SourceDate "2005.01.01"]
[SourceVersion "1"]
[SourceVersionDate "2005.01.01"]
[SourceQuality "1"]
[WhiteTeam "Hamburger SK 1830 e.V."]
[BlackTeam "SK Zaehringen 1921"]
[WhiteTeamCountry "GER"]
[BlackTeamCountry "GER"]

1. d4 d6 2. e4 Nf6 3. Bd3 g6 4. Nf3 Bg7 5. O-O O-O 6. c3 Nc6 7. Re1 Nd7 8. a4
e5 9. Bg5 Qe8 10. Na3 a6 11. Nc2 h6 12. Bd2 b6 13. b4 Bb7 14. Qb1 Nd8 15. Ne3
Ne6 16. d5 Nf4 17. Bc2 Qe7 18. g3 Nh3+ 19. Kg2 Ng5 20. Nxg5 Qxg5 21. f3 Qe7 22.
c4 h5 23. a5 Kh7 24. Rc1 Bh6 25. Bd3 h4 26. Qc2 Rh8 27. g4 h3+ 28. Kg1 Bf4 29.
Nf1 Qg5 30. Re1 Kg7 31. Be3 Bxe3+ 32. Nxe3 Bc8 33. Nf1 Qf4 34. Qf2 bxa5 35.
Rxa5 Rb8 36. Rb1 Nf8 37. c5 Nh7 38. Qe3 Qf6 39. Bxa6 dxc5 40. Bxc8 Rhxc8 41.
Rxc5 Ng5 42. Nd2 Rb6 43. Rbc1 Rxb4 44. Rc6 Qf4 45. Qxf4 exf4 46. Kf2 Rb2 47.
R1c2 Rxc2 48. Rxc2 Kf6 49. Ke2 Ke7 50. Nb3 Kd8 51. Ra2 Rb8 52. Nd4 Kd7 53. Kd3
Rb1 54. e5 Rd1+ 55. Rd2 Rf1 56. Rb2 Nxf3 57. Nxf3 Rxf3+ 58. Ke4 Rf1 59. Rb3 Rg1
60. Kxf4 Rd1 61. Ke4 Rg1 62. Kf4 Rd1 63. e6+ fxe6 64. dxe6+ Kxe6 65. Kg5 Kf7
66. Kh6 Rd6 67. Rxh3 c5 68. Rf3+ Rf6 69. Ra3 Rc6 70. g5 c4 71. Ra7+ Kf8 72.
Ra8+ 1/2-1/2

[Event "Bundesliga 9596"]
[Site "Deutschland"]
[Date "1995.??.??"]
[Round "?.4"]
[White "Vatter, Hans Joachim"]
[Black "Mueller, Karsten"]
[Result "0-1"]
[WhiteElo "2385"]
[BlackElo "2480"]
[PlyCount "106"]
[EventDate "1995.10.??"]
[EventType "team"]
[EventRounds "15"]
[EventCountry "GER"]
[SourceTitle "Bundesliga 9596"]
[Source "DeepChess"]
[SourceDate "2005.01.01"]
[SourceVersion "1"]
[SourceVersionDate "2005.01.01"]
[SourceQuality "1"]
[WhiteTeam "SK Zaehringen 1921"]
[BlackTeam "Hamburger SK 1830 e.V."]
[WhiteTeamCountry "GER"]
[BlackTeamCountry "GER"]

1. e4 e6 2. d4 d5 3. e5 c5 4. c3 Qb6 5. Nf3 Bd7 6. a3 cxd4 7. cxd4 Bb5 8. Bxb5+
Qxb5 9. Nc3 Qa6 10. Ne2 Ne7 11. O-O Nbc6 12. Be3 Nf5 13. g4 Nxe3 14. fxe3 Be7
15. Nf4 O-O-O 16. b4 Kb8 17. Rf2 Rc8 18. Nd3 f6 19. Rb2 Qb6 20. Rab1 Ka8 21.
Rc1 fxe5 22. Nfxe5 Bg5 23. Qe1 Nxe5 24. Rxc8+ Rxc8 25. Nxe5 Qc7 26. Nf3 Be7 27.
Re2 Qc3 28. Qxc3 Rxc3 29. Kg2 Rxa3 30. e4 dxe4 31. Rxe4 Ra2+ 32. Kh3 Ra3 33.
Kg2 Kb8 34. Rxe6 Bxb4 35. Re8+ Kc7 36. Rg8 g6 37. Rg7+ Kb6 38. g5 a5 39. Rxh7
a4 40. Ne5 Rc3 41. Rf7 Rc2+ 42. Kg3 a3 43. Rf1 a2 44. Nxg6 Bc3 45. Ne7 Bxd4 46.
h4 a1=Q 47. Rxa1 Bxa1 48. h5 Kc7 49. h6 Kd7 50. Nf5 Ke6 51. Nh4 Be5+ 52. Kg4
Rc4+ 53. Kh5 Rxh4+ 0-1

[Event "Bundesliga 9596"]
[Site "Deutschland"]
[Date "1995.??.??"]
[Round "?.5"]
[White "Michaelsen, Nils"]
[Black "Maier, Christian"]
[Result "1-0"]
[WhiteElo "2425"]
[BlackElo "2350"]
[PlyCount "97"]
[EventDate "1995.10.??"]
[EventType "team"]
[EventRounds "15"]
[EventCountry "GER"]
[SourceTitle "Bundesliga 9596"]
[Source "DeepChess"]
[SourceDate "2005.01.01"]
[SourceVersion "1"]
[SourceVersionDate "2005.01.01"]
[SourceQuality "1"]
[WhiteTeam "Hamburger SK 1830 e.V."]
[BlackTeam "SK Zaehringen 1921"]
[WhiteTeamCountry "GER"]
[BlackTeamCountry "GER"]

1. d4 Nf6 2. c4 e6 3. Nc3 Bb4 4. Qc2 c5 5. dxc5 Bxc5 6. Nf3 a6 7. Bf4 b5 8. e4
Ng4 9. Bg3 O-O 10. cxb5 Qa5 11. Bd3 axb5 12. O-O Ba6 13. h3 b4 14. hxg4 bxc3
15. bxc3 Rc8 16. Rfd1 Ba3 17. Bxa6 Rxc3 18. Qd2 Nxa6 19. Qxd7 Nc5 20. Qd4 Bb2
21. Rab1 Na4 22. Qd2 Ba3 23. Be5 Rcc8 24. Qxa5 Rxa5 25. Rb7 Bf8 26. Rc7 Raa8
27. Rxc8 Rxc8 28. Bd4 f6 29. e5 Kf7 30. Rb1 Rc2 31. Rb7+ Be7 32. a3 Ra2 33. Ra7
Rxa3 34. Bc5 Ra1+ 35. Kh2 Nxc5 36. Rxa1 Nd3 37. Ra2 fxe5 38. Re2 e4 39. Nd2
Bd6+ 40. g3 Ne5 41. Rxe4 Nd7 42. Kg2 e5 43. Ra4 Bc5 44. Ne4 Bd4 45. Ra6 Nf6 46.
Nxf6 gxf6 47. f4 h6 48. Kf3 Kg7 49. Rc6 1-0